Most Presidents By State - Statistics

General Stats
  • This quiz has been taken 16 times
  • The average score is 18 of 21
Answer Stats
Hint Answer % Correct
1 California
100%
2 Texas
100%
4 Massachusetts
94%
5 New York
94%
2 Vermont
94%
8 Virginia
94%
1 Kentucky
88%
1 New Hampshire
88%
1 New Jersey
88%
7 Ohio
88%
2 Pennsylvania
88%
1 Connecticut
81%
1 Georgia
81%
1 Hawaii
81%
2 North Carolina
81%
1 Illinois
75%
1 South Carolina
75%
1 Arkansas
69%
1 Iowa
69%
1 Missouri
69%
1 Nebraska
69%
No matching quizzes found
Score Distribution
Percent of People with Each Score
Percentile by Number Answered
Your Score History
You have not taken this quiz